Countries with mega cities in them - Statistics

General Stats
  • This quiz has been taken 78 times
  • The average score is 21 of 23
Answer Stats
continent Answer % Correct
South America Brazil
97%
Asia China
97%
Europe France
97%
Asia India
96%
Asia Japan
96%
North America Mexico
96%
Asia Indonesia
94%
Europe / Asia Russia
94%
Europe UK
94%
North America USA
94%
South America Argentina
93%
Africa Egypt
93%
Asia Pakistan
93%
Europe / Asia Turkey
93%
Asia South Korea
91%
Asia Philippines
89%
Asia Thailand
89%
South America Colombia
87%
Africa Nigeria
87%
South America Peru
87%
Asia Iran
86%
Asia Bangladesh
84%
Africa Democratic Republic of the Congo
79%
No matching quizzes found
Score Distribution
Percent of People with Each Score
Percentile by Number Answered
Your Score History
You have not taken this quiz